000 01485nam0a2200349 4500
001 RU\NLR\bibl\1844760
005 20250616173616.0
010 _a978-5-8382-0541-4
_91000
021 _aRU
_b2011-91130
_96521
035 _a(NLR Aleph) 001835197
090 _a2194914
_c2194914
100 _a20111208d2011 |||y0rusy50 ca
101 0 _arus
102 _aRU
105 _aa |||||||||
200 1 _aНа Северной Двине
_dOn the Northern Dvina
_eстихотворения
_fВладимир Силкин
_zeng
210 _aМосква
_aАрхангельск
_cИнститут управления
_d2011
215 _a159 с.
_cил., портр.
_d14
300 _aАвт. также на англ. яз.: Vladimir Silkin
327 1 _aСодерж.: Из циклов: На Северной Двине; Медовая лапа; Кланяюсь в пояс дороге...; Звездопад; Рождественский рассвет; За Вологдой; Кукла
510 0 _6z45790
_aOn the Northern Dvina
_zeng
686 _aШ6(2=Р)8-5
700 1 _4070
_7ca
_8rus
_aСилкин
_bВ. А.
_f1954-
_gВладимир Александрович
_9138958
_3RU\NLR\AUTH\770138993
790 1 _6z45510
_aSilkin
_bV. A.
_gVladimir Aleksandrovič
_4070
801 0 _aRU
_bNLR
_c20111208
_gRCR
801 1 _aRU
_bNLR
_c20111208
942 _cBOOK
980 _aNB
980 _aNBR